LEADER 01167nam a2200253 i 4500 001 000000139915 003 CaOOAMICUS 005 20050601000000.0 008 050601s1966 it u000 u ita u 013 $a114048 040 $aSeMil$bita 100 1 $aMancini, Franco.$0(OLS)http://semarc/name/8040 245 10$aScenografia italiana :$bdal Rinascimento all'età romantica /$ctesto di Franco Mancini. 260 $aMilano :$bFratelli Fabbri Editori,$ccopyr. 1966. 300 $a158 p. :$briccamente ill. ;$c19 cm. 490 0 $aElite : le arti e gli stili in ogni tempo e paese ;$v56 500 $aContiene : Bibliografia. 650 4$aScenografia - Italia - Sec. 16.-19.$0(OLS)http://semarc/subject/27532 830 0$aElite : le arti e gli stili in ogni tempo e paese ;$v56.$0(OLS)http://semarc/title/18137 850 $aSeMil 852 $aSeMil$W1$xVenegono$y1$m5O I 55$j93304$B93304$CSeMilBibl$Z2$F98629 $81 961 $aOmaggio: Pelizzi Carla ved. Ferrari 996 $6245$aScenografia italiana :$bdal Rinascimento all'età romantica$9(OLS)http://semarc/title/204407 996 $6260$aMilano :$bFratelli Fabbri Editori$9(OLS)http://semarc/publisher/29845 LEADER 00865nam a2200241 i 4500 001 000000047560 003 CaOOAMICUS 005 20230927114110.0 008 060929s1998 it u000 u ita u 013 $a18730 040 $aSeMil$bita 100 1 $aRadaelli, Ermenegildo.$0(OLS)http://semarc/name/23638 245 10$aVigano Certosino /$cErmenegildo Radaelli. 250 $a2. Ed. 260 $aVigano Certosino :$bVigano,$c1998. 300 $a104 p. :$bill. (b/n) ;$c22 cm. 650 4$aGaggiano - Vigano Certosino.$0(OLS)http://semarc/subject/10021 850 $aSeMil 852 $aSeMil$W1$xVenegono$y1$m3P I 206$j13715$B13715$CSeMilBibl$Z2$F13715 $81 961 $aRecupero: Altro 996 $6245$aVigano Certosino$9(OLS)http://semarc/title/71713 996 $6260$aVigano Certosino :$bVigano$9(OLS)http://semarc/publisher/40919